| 000 | 01591nam1a2200325 i 4500 | ||
|---|---|---|---|
| 001 | RU\NLR\bibl\218504 | ||
| 005 | 20260407130755.0 | ||
| 035 | _a(NLR Aleph) 000214589 | ||
| 090 |
_a1246245 _c1246245 |
||
| 100 | _a20020114g20009999u y0rusy50 ca | ||
| 101 | 0 | _arus | |
| 102 | _aRU | ||
| 105 | _aa ||||||||| | ||
| 200 | 1 |
_aИстория литературы Карелии _e[В 3 т. _fЕ.И. Маркова, Е.Г. Сойни, О.П. Илюха и др. _gРедкол.: Н.С. Надъярных (гл. ред.) и др.] _gРос. акад. наук, Ин-т мировой лит. им. А.М. Горького и др. |
|
| 210 |
_aПетрозаводск _cКарел.науч. центр РАН _d2000 |
||
| 215 | _d21 | ||
| 300 | _aВ надзаг. также: Карел. науч. центр, Ин-т яз., лит. и истории | ||
| 463 | 0 | _1001200740 | |
| 606 | 0 |
_aКарельская литература _91310780 _3RU\NLR\auth\66543675 |
|
| 686 | _aШ5(2=Карел)-3,05 | ||
| 701 | 1 |
_4070 _8rus _7ca _aМаркова _bЕ. И. _cд-р филол. наук, рус. литература _f1947- _gЕлена Ивановна _3RU\NLR\auth\7735784 _918780 |
|
| 701 | 1 |
_aСойни _bЕ. Г. _4070 |
|
| 701 | 1 |
_aИлюха _bО. П. _4070 |
|
| 702 | 1 |
_aНадъярных _bН. С. _4340 |
|
| 712 | 0 | 2 |
_4570 _aИнститут мировой литературы им. А. М. Горького _cМосква _3RU\NLR\AUTH\889978472 _9453490 |
| 801 | 0 |
_aRU _bNLR _c20020114 _gPSBO |
|
| 801 | 1 |
_aRU _bNLR _c20020114 |
|
| 852 |
_aNLR _j2001-3/16576 |
||
| 942 | _cBOOK | ||